السياسة الإقتصادية في خلافة الإمم علي بن أبي طالب /
محفوظ في:
| المؤلف الرئيسي: | |
|---|---|
| مؤلفون آخرون: | |
| التنسيق: | أطروحة |
| اللغة: | Arabic |
| منشور في: |
[Urdun] :
Jami'at al-Yarmuk,
1997
|
| الموضوعات: | |
| الوسوم: |
إضافة وسم
لا توجد وسوم, كن أول من يضع وسما على هذه التسجيلة!
|
| LEADER | 019400000a22003610004500 | ||
|---|---|---|---|
| 008 | 130508s1997 jo f 000 0 ara d | ||
| 040 | |a UIAM |b eng | ||
| 041 | |a ara | ||
| 050 | 0 | |a DS38.4.A5 | |
| 100 | 1 | |a إبراهيم، أحمد أسعد محمود |9 10947 | |
| 242 | 1 | 3 | |a al-Siyasah al-iqtisadiyah fi Khilafat al-Imam 'Ali ibn Abi Talib |
| 245 | 1 | 2 | |a السياسة الإقتصادية في خلافة الإمم علي بن أبي طالب / |c إعداد، أحمد أسعد محمود إبراهيم |
| 260 | |a [Urdun] : |b Jami'at al-Yarmuk, |c 1997 | ||
| 300 | |a v, 144 leaves ; |c 30 cm. | ||
| 336 | |2 rdacontent | ||
| 337 | |2 rdamedia | ||
| 338 | |2 rdacarrier | ||
| 500 | |a "قدمت هذه الرسالة إستكمالا لمتطلبات الحصول على درجة الماجستير في الإقتصاد الإسلامي من قسم الفقه والدراسات الإسلامية بجامعة اليرموك" --On.t.p. | ||
| 500 | |a Abstract in English and Arabic. | ||
| 502 | |a Thesis (M.A.)--Jami'at al-Yarmuk, 1997. | ||
| 504 | |a Includes bibliographical references (leaves 128-135) and index. | ||
| 600 | 0 | |a Ali ibn Abi Talib, |c Caliph, |d 600 (ca.)-661 |x Biography |9 97535 | |
| 600 | 0 | |a Muhammad, |c Prophet, |d d632 |v Biography |x Companions |9 353615 | |
| 650 | 0 | |a Caliphs |v Biography |9 38581 | |
| 650 | 0 | |a Islamic Empire |x Economic policy History |9 353616 | |
| 650 | 0 | |a Islamic Empire |x Economic conditions History |9 353617 | |
| 655 | |a Theses, Facsimile edition (Islamic) | ||
| 700 | 1 | |a Ibrahim, Ahmad As'ad Mahmud |9 353618 | |
| 900 | |a arf-his | ||
| 942 | |2 lcc |n 0 | ||
| 999 | |c 434887 |d 463831 | ||
| 952 | |0 0 |6 TI DS 000038.4 A5 I14S 1997 |7 0 |8 THESES |9 753519 |a IIUM |b IIUM |c MULTIMEDIA |g 290.00 |o ti DS 38.4 A5 I14S 1997 |p 00011276264 |r 2017-10-23 |t 1 |v 290.00 |y THESIS | ||
| 952 | |0 0 |6 TI DS 000038.4 A5 I14S 1997 |7 0 |8 THESES |9 756330 |a IIiBFL |b IIiBFL |c CLOSEACCES |g 0.00 |o ti DS 38.4 A5 I14S 1997 |p 00011253394 |r 2017-11-09 |t 1 |v 0.00 |y THESIS | ||
